000
00286nam a2200097Ia 4500
001
644710
005
20250826153610.0
008
250824s9999 xx 000 0 und d
245
0
_a
PROFESÖR KİP İLE TÜRKÇE 5 HARİKALAR PARKINDA SERÜVEN
_c
BİRSEN EKİM ÖZEN
260
_b
TİMAŞ ÇOCUK
999
_c
644710
_d
644710